[Event "European Youth Chess Championship  G14"]
[Site "Prague, Top Hotel Prague"]
[Date "2012.08.17"]
[Round "1.1"]
[White "Schnegg, Anna-Lena"]
[Black "Roklicer, Heike"]
[Result "1-0"]
[WhiteElo "2088"]
[BlackElo "1743"]
[PlyCount "93"]
[EventDate "2012.08.17"]

1. e4 c6 2. d4 d5 3. Nc3 dxe4 4. Nxe4 Bf5 5. Ng3 Bg6 6. h4 h6 7. Nf3 Nd7 8. h5
Bh7 9. Bd3 Bxd3 10. Qxd3 Ngf6 11. Bd2 e6 12. O-O-O Qc7 13. Rde1 O-O-O 14. Rh4
Bd6 15. Ne4 Nxe4 16. Qxe4 Nf6 17. Qe2 Nd7 18. Ne5 Nxe5 19. dxe5 Bc5 20. Rg4
Rhg8 21. f4 Qe7 22. Bc3 Bb4 23. Bxb4 Qxb4 24. a3 Qc5 25. Qe3 Qxe3+ 26. Rxe3 g5
27. fxg5 Rxg5 28. Rxg5 hxg5 29. Rf3 Rh8 30. g4 Rh7 31. c4 b6 32. b4 c5 33. bxc5
bxc5 34. Kc2 Kd7 35. Kb3 a6 36. Ka4 Kc6 37. Ka5 Kb7 38. Rb3+ Ka7 39. Rd3 Kb7
40. Rd7+ Kc8 41. Ra7 Kd8 42. Kxa6 Ke8 43. Kb6 Rh6 44. Kxc5 f6 45. Kd6 f5 46. c5
fxg4 47. c6 1-0

[Event "European Youth Chess Championship  G14"]
[Site "Prague, Top Hotel Prague"]
[Date "2012.08.17"]
[Round "1.2"]
[White "Suchomelova, Simona"]
[Black "Haussernot, Cecile"]
[Result "0-1"]
[WhiteElo "1742"]
[BlackElo "2074"]
[PlyCount "56"]
[EventDate "2012.08.17"]

1. d4 Nf6 2. c4 e6 3. Nf3 c5 4. d5 b5 5. dxe6 fxe6 6. cxb5 d5 7. Bg5 Nbd7 8. e3
Bb7 9. Be2 Bd6 10. O-O O-O 11. Nc3 Qe7 12. Qc2 e5 13. Nh4 e4 14. Rad1 d4 15.
exd4 cxd4 16. Rxd4 Qe5 17. Rxd6 Qxd6 18. g3 Ne5 19. Bxf6 Qxf6 20. Nxe4 Qh6 21.
f4 Qb6+ 22. Rf2 Rac8 23. Qb3+ Kh8 24. Nc3 Qe3 25. Ng2 Qb6 26. Ne1 Rce8 27. Na4
Qd4 28. Nc2 Qe4 0-1

[Event "European Youth Chess Championship  G14"]
[Site "Prague, Top Hotel Prague"]
[Date "2012.08.17"]
[Round "1.3"]
[White "Rodionova, Daria"]
[Black "Rodriguez Manzaneda, Irene"]
[Result "1-0"]
[WhiteElo "2074"]
[BlackElo "1734"]
[PlyCount "89"]
[EventDate "2012.08.17"]

1. e4 c5 2. Nf3 Nc6 3. d4 cxd4 4. Nxd4 Nf6 5. Nc3 e5 6. Ndb5 d6 7. Bg5 a6 8.
Na3 b5 9. Nd5 Be7 10. Bxf6 Bxf6 11. c3 O-O 12. Nc2 Rb8 13. a3 Bg5 14. Ncb4 Nxb4
15. axb4 f5 16. Bd3 Bb7 17. Qb3 Kh8 18. O-O g6 19. Rad1 Bh6 20. Bc2 Qh4 21. g3
Qg4 22. f3 Qg5 23. f4 exf4 24. Nxf4 fxe4 25. Rxd6 Qg4 26. Bd1 Qg5 27. Be2 Rbe8
28. Qd1 Bg7 29. Rd7 Ba8 30. Qd6 Rd8 31. Rxd8 Rxd8 32. Qxa6 Rf8 33. Qxb5 Qe7 34.
Qc5 Qe8 35. Bb5 Qd8 36. Ne6 Rxf1+ 37. Bxf1 Qd7 38. Nxg7 Kxg7 39. b5 Qf7 40.
Qe5+ Kh6 41. Qf4+ Qxf4 42. gxf4 Kh5 43. Kf2 Kg4 44. Ke3 g5 45. fxg5 1-0

[Event "European Youth Chess Championship  G14"]
[Site "Prague, Top Hotel Prague"]
[Date "2012.08.17"]
[Round "1.4"]
[White "Edilsultanova, Zalina"]
[Black "Dordzhieva, Dinara"]
[Result "0-1"]
[WhiteElo "1719"]
[BlackElo "2055"]
[PlyCount "122"]
[EventDate "2012.08.17"]

1. e4 c5 2. Nf3 Nc6 3. d4 cxd4 4. Nxd4 g6 5. c4 Nf6 6. Nc3 d6 7. Be2 Nxd4 8.
Qxd4 Bg7 9. O-O O-O 10. Qd1 Be6 11. Be3 Qa5 12. Rc1 Rfc8 13. b3 a6 14. Na4 Nd7
15. Qd2 Qxd2 16. Bxd2 f5 17. Bf3 Rab8 18. Nc3 Nc5 19. exf5 Bxf5 20. Nd5 Kf7 21.
Bg5 Re8 22. Rcd1 h6 23. Be3 e6 24. Nf4 Bf8 25. Bxc5 dxc5 26. g4 e5 27. gxf5
exf4 28. fxg6+ Kxg6 29. Rd7 b6 30. Rfd1 Re5 31. Ra7 a5 32. Rad7 Be7 33. R7d5
Bf6 34. Rd6 Kg7 35. Rd7+ Re7 36. Rxe7+ Bxe7 37. Rd5 Bf6 38. Bh5 Rb7 39. Rd6 Bd4
40. Rg6+ Kh7 41. Kg2 b5 42. cxb5 Rxb5 43. Ra6 c4 44. Be2 Rg5+ 45. Kf1 c3 46.
Rc6 Kg7 47. Rc4 Be5 48. h3 Rg6 49. Rc5 Bd4 50. Rc7+ Kf8 51. Bd3 Rd6 52. f3 Rd5
53. Rc4 Ke7 54. Ke2 Rd6 55. Be4 Be5 56. Bd3 Kf6 57. Rc5 Re6 58. Be4 Bd4 59.
Rf5+ Ke7 60. Rxf4 c2 61. Kd2 Be3+ 0-1

[Event "European Youth Chess Championship  G14"]
[Site "Prague, Top Hotel Prague"]
[Date "2012.08.17"]
[Round "1.5"]
[White "Kisteneva, Liza"]
[Black "Rouffignac, Marie"]
[Result "1-0"]
[WhiteElo "2040"]
[BlackElo "1715"]
[PlyCount "63"]
[EventDate "2012.08.17"]

1. e4 e5 2. Nf3 Nc6 3. Bb5 a6 4. Ba4 Nf6 5. O-O b5 6. Bb3 Bb7 7. Ng5 d5 8. exd5
Nd4 9. Re1 Bd6 10. Nf3 O-O 11. Nxe5 Nxb3 12. axb3 Bxd5 13. Nc3 Bb7 14. d4 Re8
15. Bf4 Nd7 16. Qg4 Nxe5 17. dxe5 Qe7 18. Bg5 f6 19. Bxf6 Qf7 20. Bxg7 Qxg7 21.
Qxg7+ Kxg7 22. exd6 cxd6 23. f3 Rac8 24. Kf2 Kf6 25. Rxe8 Rxe8 26. Ne2 Rc8 27.
c3 Ke5 28. b4 Rg8 29. Nd4 Kd5 30. Rd1 Ke5 31. Re1+ Kf4 32. h4 1-0

[Event "European Youth Chess Championship  G14"]
[Site "Prague, Top Hotel Prague"]
[Date "2012.08.17"]
[Round "1.6"]
[White "Kahya, Gizem"]
[Black "Gazikova, Veronika"]
[Result "1/2-1/2"]
[WhiteElo "1705"]
[BlackElo "2033"]
[PlyCount "104"]
[EventDate "2012.08.17"]

1. e4 e5 2. Nf3 Nc6 3. Bb5 f5 4. d3 fxe4 5. dxe4 Nf6 6. O-O Bc5 7. Qd3 d6 8.
Qc4 Qe7 9. Nc3 a6 10. Bxc6+ bxc6 11. Be3 Nd7 12. Na4 a5 13. Nxc5 Nxc5 14. Qc3
Ba6 15. Rfe1 Nd7 16. Qxc6 Qd8 17. Ng5 Ke7 18. Qd5 Qg8 19. Qxg8 Raxg8 20. h4 h6
21. Nh3 Nf6 22. f3 Ke6 23. Bd2 a4 24. g4 Rf8 25. Kg2 c6 26. Bc3 h5 27. g5 Nd7
28. Kg3 d5 29. exd5+ cxd5 30. f4 Rf5 31. fxe5 Rhf8 32. Re3 Nc5 33. Bd4 Ne4+ 34.
Kg2 Nf2 35. Rc3 Nxh3 36. Kxh3 Bf1+ 37. Kg3 Rf4 38. Rc6+ Kd7 39. Rd6+ Kc7 40.
Rxd5 Rg4+ 41. Kh2 Rxh4+ 42. Kg1 Rg4+ 43. Kh2 Rff4 44. Rxf1 Rxf1 45. e6 Re1 46.
Be5+ Kc6 47. e7 Re2+ 48. Kh1 Re1+ 49. Kh2 Re2+ 50. Kh1 Re1+ 51. Kh2 Re2+ 52.
Kh1 Re1+ 1/2-1/2

[Event "European Youth Chess Championship  G14"]
[Site "Prague, Top Hotel Prague"]
[Date "2012.08.17"]
[Round "1.7"]
[White "Khomeriki, Nino"]
[Black "Kafetzi, Angeliki"]
[Result "1-0"]
[WhiteElo "2030"]
[BlackElo "1687"]
[PlyCount "105"]
[EventDate "2012.08.17"]

1. d4 d5 2. Nf3 Nf6 3. e3 e6 4. Bd3 c5 5. b3 Nc6 6. a3 b6 7. Bb2 g6 8. Ne5 Nxe5
9. dxe5 Nd7 10. O-O Bg7 11. f4 O-O 12. c4 Bb7 13. Nc3 a6 14. cxd5 exd5 15. Be2
d4 16. exd4 cxd4 17. Qxd4 Nc5 18. Qxd8 Rfxd8 19. b4 Nd3 20. Bxd3 Rxd3 21. Rad1
Rad8 22. Rxd3 Rxd3 23. Rd1 Rxd1+ 24. Nxd1 Bf8 25. Bc3 Be7 26. Ne3 Kf8 27. Kf2
Ke8 28. g4 Kd7 29. Nc4 b5 30. Ne3 Be4 31. Nf1 Bh4+ 32. Ke3 Bg2 33. Nd2 Be1 34.
Nb1 Bh4 35. Bd4 Bd8 36. Nc3 Bc6 37. Ne4 Be7 38. Bc5 Bd8 39. Bd6 Bb6+ 40. Kd3
Bg1 41. h3 h6 42. Bc5 Bh2 43. Be3 Kc7 44. Nc5 Kb6 45. Ne6+ Kb7 46. Nd8+ Kc7 47.
Nxf7 h5 48. Ng5 hxg4 49. hxg4 Bd7 50. e6 Bc6 51. f5 gxf5 52. gxf5 Be8 53. Ne4
1-0

[Event "European Youth Chess Championship  G14"]
[Site "Prague, Top Hotel Prague"]
[Date "2012.08.17"]
[Round "1.8"]
[White "Imanly, Magrura"]
[Black "Paramzina, Anastasya"]
[Result "0-1"]
[WhiteElo "1670"]
[BlackElo "2021"]
[PlyCount "58"]
[EventDate "2012.08.17"]

1. e4 c5 2. Nc3 Nc6 3. g3 g6 4. Bg2 Bg7 5. d3 d6 6. Be3 Nf6 7. h3 O-O 8. Qd2
Rb8 9. a4 a6 10. Nge2 b5 11. axb5 axb5 12. Bh6 Bxh6 13. Qxh6 b4 14. Na4 b3 15.
c3 Ne5 16. Qe3 c4 17. dxc4 Bd7 18. O-O Nxc4 19. Qd4 Qc7 20. f4 Rfd8 21. e5 dxe5
22. Qc5 Qxc5+ 23. Nxc5 Bb5 24. Nxb3 Ne3 25. Rf3 Nxg2 26. Kxg2 Bxe2 27. Re3 Bc4
28. Nc5 Rxb2+ 29. Kg1 Rdd2 0-1

[Event "European Youth Chess Championship  G14"]
[Site "Prague, Top Hotel Prague"]
[Date "2012.08.17"]
[Round "1.9"]
[White "Mammadova, Narmin"]
[Black "Shahbazyan, Hasmik"]
[Result "1-0"]
[WhiteElo "1980"]
[BlackElo "1665"]
[PlyCount "73"]
[EventDate "2012.08.17"]

1. b3 Nf6 2. Bb2 g6 3. e3 Bg7 4. Be2 O-O 5. f4 d6 6. Nf3 c5 7. O-O Nc6 8. Qe1
Nb4 9. Qc1 Bd7 10. d3 Nc6 11. Nbd2 e6 12. Nc4 Bc8 13. Rd1 b5 14. Ncd2 Bb7 15.
Nf1 Qe7 16. Ng3 Rfd8 17. Rf1 d5 18. Ne5 d4 19. Nxc6 Bxc6 20. e4 a6 21. Qe1 Re8
22. Bf3 Bb7 23. Qf2 Qc7 24. Bc1 Rad8 25. Ne2 Rd7 26. g4 Rdd8 27. Qh4 Qe7 28. g5
Nd7 29. e5 Nf8 30. Bxb7 Qxb7 31. Ng3 Rc8 32. Ne4 Red8 33. Rf3 c4 34. Rh3 Rc7
35. Nf6+ Bxf6 36. gxf6 h5 37. Qg5 1-0

[Event "European Youth Chess Championship  G14"]
[Site "Prague, Top Hotel Prague"]
[Date "2012.08.17"]
[Round "1.10"]
[White "Semonaviciute, Agne"]
[Black "Vasenina, Anna"]
[Result "1-0"]
[WhiteElo "1656"]
[BlackElo "1978"]
[PlyCount "145"]
[EventDate "2012.08.17"]

1. e4 e5 2. Nf3 Nc6 3. Bb5 a6 4. Bxc6 dxc6 5. O-O Bg4 6. d3 Qf6 7. Nbd2 Ne7 8.
h3 h5 9. Nc4 Bxf3 10. Qxf3 Qxf3 11. gxf3 Ng6 12. Be3 O-O-O 13. Kh2 f6 14. Rg1
Nh4 15. Rg3 Rd7 16. Kg1 g5 17. Kf1 Be7 18. Ke2 Ng6 19. a3 c5 20. Rgg1 Rhd8 21.
Rgb1 Nf4+ 22. Bxf4 exf4 23. Rd1 Bf8 24. a4 b6 25. Rg1 Kb7 26. Rad1 b5 27. axb5
axb5 28. Nd2 Kb6 29. b3 Bd6 30. Ra1 Be5 31. Ra2 c6 32. Rb1 Bc3 33. Ra3 Ra7 34.
Rxa7 Kxa7 35. Rc1 Kb6 36. Nb1 Be5 37. Kd2 Bd4 38. Rf1 Rg8 39. Nc3 Be5 40. Rg1
Bd4 41. Rf1 Ra8 42. Ne2 Be5 43. Rh1 Rd8 44. Rb1 Ka5 45. c3 Kb6 46. Ra1 Rg8 47.
d4 Rd8 48. Kd3 cxd4 49. c4 Kc5 50. Nc1 Rb8 51. Ra5 Kb4 52. Ra6 bxc4+ 53. bxc4
Kc5 54. Ra4 Rb1 55. Kc2 Rb8 56. Nb3+ Kd6 57. c5+ Ke7 58. Nxd4 Bxd4 59. Rxd4 Rb5
60. Rc4 Ke6 61. Kd2 Rb2+ 62. Ke1 Rb1+ 63. Ke2 Rh1 64. Rd4 Rxh3 65. Rd6+ Ke7 66.
Rxc6 Rh1 67. Rc7+ Kf8 68. c6 Rc1 69. Rh7 h4 70. c7 Kg8 71. Rd7 h3 72. Rd8+ Kg7
73. c8=Q 1-0

[Event "European Youth Chess Championship  G14"]
[Site "Prague, Top Hotel Prague"]
[Date "2012.08.17"]
[Round "1.11"]
[White "Bluhm, Sonja Maria"]
[Black "Chepelnikova, Maria"]
[Result "1-0"]
[WhiteElo "1977"]
[BlackElo "1655"]
[PlyCount "49"]
[EventDate "2012.08.17"]

1. e4 c5 2. Nf3 e6 3. d4 cxd4 4. Nxd4 a6 5. Bd3 Qc7 6. O-O Nf6 7. c4 b6 8. Qe2
d6 9. f4 Nbd7 10. Nc3 Bb7 11. Kh1 Be7 12. Bd2 Rd8 13. Rae1 h5 14. Nf3 Ng4 15.
b4 Kf8 16. Kg1 Rg8 17. h3 Ngf6 18. e5 dxe5 19. fxe5 Ne8 20. Nd4 Bh4 21. Nxe6+
Ke7 22. Nxc7 Bxe1 23. N7d5+ Bxd5 24. Nxd5+ Ke6 25. Bf5# 1-0

[Event "European Youth Chess Championship  G14"]
[Site "Prague, Top Hotel Prague"]
[Date "2012.08.17"]
[Round "1.12"]
[White "Bohanesova, Vendula"]
[Black "Harazinska, Ewa"]
[Result "0-1"]
[WhiteElo "1653"]
[BlackElo "1975"]
[PlyCount "58"]
[EventDate "2012.08.17"]

1. d4 c5 2. c3 Nf6 3. Bf4 Qb6 4. b3 cxd4 5. cxd4 Qb4+ 6. Qd2 Nc6 7. Nf3 Ne4 8.
Qxb4 Nxb4 9. Na3 e6 10. e3 Nd5 11. Nb5 Bb4+ 12. Ke2 b6 13. a3 Ba6 14. axb4
Bxb5+ 15. Ke1 Bxf1 16. Rxf1 Nxb4 17. Ke2 Ke7 18. Ne5 Rhc8 19. Rfc1 g5 20. Bg3
Nc2 21. Rab1 Nc3+ 22. Kf3 Nxb1 23. Rxb1 d5 24. h4 f6 25. Nd3 Rc3 26. Nc1 Nxd4+
27. Kg4 gxh4 28. Bxh4 Rac8 29. Na2 Rxb3 0-1

[Event "European Youth Chess Championship  G14"]
[Site "Prague, Top Hotel Prague"]
[Date "2012.08.17"]
[Round "1.13"]
[White "Wozniak, Mariola"]
[Black "Kanakova, Natalka"]
[Result "1-0"]
[WhiteElo "1966"]
[BlackElo "1652"]
[PlyCount "53"]
[EventDate "2012.08.17"]

1. e4 c5 2. Nf3 Nc6 3. d4 cxd4 4. Nxd4 g6 5. Nc3 Bg7 6. Be3 Nf6 7. Bc4 O-O 8.
Bb3 d6 9. f3 Bd7 10. Qd2 Qa5 11. O-O-O Rfc8 12. Kb1 Ne5 13. g4 Nc4 14. Bxc4
Rxc4 15. h4 Rac8 16. h5 b5 17. hxg6 fxg6 18. e5 dxe5 19. Nb3 Qa6 20. g5 Bf5 21.
gxf6 exf6 22. Qd5+ Be6 23. Qxb5 Qxb5 24. Nxb5 Rxc2 25. Nxa7 R8c7 26. Bb6 R7c4
27. Na5 1-0

[Event "European Youth Chess Championship  G14"]
[Site "Prague, Top Hotel Prague"]
[Date "2012.08.17"]
[Round "1.14"]
[White "Kubicka, Anna"]
[Black "Beinenson, Katsiaryna"]
[Result "0-1"]
[WhiteElo "1642"]
[BlackElo "1946"]
[PlyCount "110"]
[EventDate "2012.08.17"]

1. b3 e5 2. Bb2 Nc6 3. e3 d6 4. Bb5 Bd7 5. Ne2 a6 6. Bxc6 Bxc6 7. O-O Qg5 8.
Ng3 O-O-O 9. Nc3 h5 10. f4 exf4 11. exf4 Qg6 12. f5 Qh6 13. Bc1 d5 14. d4 Qh7
15. h3 h4 16. Nge2 Ne7 17. b4 Nxf5 18. Rb1 f6 19. b5 axb5 20. Nxb5 Bxb5 21.
Rxb5 c6 22. Rb3 Bd6 23. Bf4 Bxf4 24. Nxf4 Nd6 25. Ne6 Rde8 26. Nc5 Qh5 27. Qc1
Qf7 28. Qf4 Qe7 29. Rfb1 g5 30. Qc1 Nb5 31. Qb2 Rh7 32. a4 Nd6 33. Qa3 Qc7 34.
Qb4 Rhe7 35. a5 Nb5 36. a6 b6 37. Nb7 Kb8 38. Ra1 Ka7 39. Rf3 Re2 40. Rc1 Kxa6
41. Nc5+ bxc5 42. Ra1+ Kb7 43. dxc5 Qe5 44. Raf1 Re1 45. Qa5 Rxf1+ 46. Rxf1
Qd4+ 47. Kh1 Qxc5 48. Ra1 Qb6 49. Qd2 Ra8 50. Re1 Qd4 51. Qe2 Ra1 52. Qe7+ Nc7
53. Rxa1 Qxa1+ 54. Kh2 Qe5+ 55. Qxe5 fxe5 0-1

[Event "European Youth Chess Championship  G14"]
[Site "Prague, Top Hotel Prague"]
[Date "2012.08.17"]
[Round "1.15"]
[White "Valieva, Rufina"]
[Black "Verstraeten, Iris"]
[Result "1-0"]
[WhiteElo "1928"]
[BlackElo "1639"]
[PlyCount "85"]
[EventDate "2012.08.17"]

1. e4 e5 2. Nf3 Nf6 3. Nxe5 d6 4. Nf3 Nxe4 5. Nc3 Nxc3 6. dxc3 Nc6 7. Bd3 Be7
8. Bf4 Be6 9. Qd2 Qd7 10. O-O-O a6 11. Kb1 O-O 12. h4 Bg4 13. Rdg1 Bf6 14. Ng5
Bf5 15. Ne4 Be7 16. g4 Be6 17. Ng5 Bxg5 18. hxg5 g6 19. f3 f5 20. gxf6 Rxf6 21.
Be2 Bxa2+ 22. Kxa2 Qf7+ 23. b3 Rxf4 24. Bc4 Rxc4 25. bxc4 Qxc4+ 26. Kb2 Ne5 27.
Qh6 Qf7 28. f4 Nc4+ 29. Kc1 a5 30. f5 Ne5 31. Rf1 Qg7 32. g5 Nf7 33. Qh4 gxf5
34. Rxf5 b6 35. Qc4 c5 36. Qd5 Rf8 37. Rhf1 a4 38. Qc4 h6 39. gxh6 Qxh6+ 40.
Kb1 Qh7 41. Qe6 Qg7 42. Rf6 Qh7 43. Rg6+ 1-0

[Event "European Youth Chess Championship  G14"]
[Site "Prague, Top Hotel Prague"]
[Date "2012.08.17"]
[Round "1.16"]
[White "Dakhundaridze, Nino"]
[Black "Malatsilava, Volha"]
[Result "0-1"]
[WhiteElo "1635"]
[BlackElo "1926"]
[PlyCount "48"]
[EventDate "2012.08.17"]

1. e4 c5 2. Nf3 d6 3. d4 cxd4 4. Nxd4 Nf6 5. Nc3 e6 6. Bc4 Be7 7. Be3 Nc6 8.
Qe2 a6 9. Bb3 Qc7 10. O-O-O O-O 11. g4 Nxd4 12. Bxd4 Nd7 13. h4 b5 14. g5 Nc5
15. Rdg1 Bd7 16. Bf6 Bc6 17. Nd5 exd5 18. exd5 Rfe8 19. Qh5 Bb7 20. Bxg7 Kxg7
21. Qh6+ Kh8 22. g6 fxg6 23. h5 g5 24. f4 b4 0-1

[Event "European Youth Chess Championship  G14"]
[Site "Prague, Top Hotel Prague"]
[Date "2012.08.17"]
[Round "1.17"]
[White "Dyakonova, Ekaterina"]
[Black "Kyrkjebo, Marte B"]
[Result "1-0"]
[WhiteElo "1921"]
[BlackElo "1628"]
[PlyCount "108"]
[EventDate "2012.08.17"]

1. e4 e5 2. Nf3 Nc6 3. Bb5 a6 4. Ba4 Nf6 5. O-O b5 6. Bb3 Be7 7. Re1 O-O 8. h3
d6 9. c3 Bb7 10. d4 Nb8 11. Nbd2 Nbd7 12. Bc2 c5 13. d5 Qc7 14. c4 bxc4 15.
Nxc4 Nb6 16. b3 a5 17. Rb1 Nfd7 18. Bd2 Nxc4 19. bxc4 Ba6 20. Bd3 Rab8 21. Qa4
Rxb1 22. Rxb1 Bd8 23. Ne1 Nf6 24. Nc2 Qd7 25. Qxd7 Nxd7 26. Na3 Bb6 27. Bc2 Rb8
28. Ba4 Nf6 29. Bxa5 Ba7 30. Rxb8+ Bxb8 31. Bc2 Kf8 32. Nb5 Ke7 33. Kf1 Kd7 34.
Ke2 Ke7 35. Kd3 Bc8 36. Bd1 Bd7 37. Bb6 Ke8 38. a4 Bc8 39. a5 Nd7 40. Ba4 Ke7
41. Nc7 f6 42. Bc6 g6 43. g4 h6 44. Kc2 f5 45. f3 fxg4 46. fxg4 Nxb6 47. axb6
Kd8 48. Nb5 Ba6 49. Na7 Bxc4 50. Bb7 Kd7 51. h4 Be2 52. g5 hxg5 53. hxg5 Bg4
54. Bc8+ Ke7 {Time} 1-0

[Event "European Youth Chess Championship  G14"]
[Site "Prague, Top Hotel Prague"]
[Date "2012.08.17"]
[Round "1.18"]
[White "Temel, Burcu Melis"]
[Black "Hojjatova, Aydan"]
[Result "1-0"]
[WhiteElo "1615"]
[BlackElo "1920"]
[PlyCount "117"]
[EventDate "2012.08.17"]

1. d4 Nf6 2. Nf3 g6 3. c4 Bg7 4. Nc3 O-O 5. e4 d6 6. Be2 e5 7. O-O Nc6 8. d5
Ne7 9. Ne1 Nd7 10. f3 f5 11. g4 h6 12. h4 Kh8 13. Kg2 Ng8 14. Rh1 Ndf6 15. Nd3
Qd7 16. g5 Nh5 17. Qg1 f4 18. Bd2 Qe7 19. Kf2 Ng3 20. Rh2 Kh7 21. Bd1 Qf7 22.
Ne2 Nh5 23. Rc1 Bd7 24. b4 c6 25. Bb3 cxd5 26. cxd5 Rfc8 27. Nc3 Bf8 28. Be1
Be7 29. Nxe5 dxe5 30. d6 Be6 31. Bxe6 Qxe6 32. dxe7 Nxe7 33. gxh6 Qb6+ 34. Kf1
Qxb4 35. Qg5 Qc4+ 36. Kg1 Qe6 37. Rhc2 Qf6 38. Qg4 Kxh6 39. Nd5 Rxc2 40. Nxf6
Rxc1 41. Qg5+ Kg7 42. Nxh5+ Kg8 43. Qxe7 gxh5 44. Qg5+ Kf8 45. Qxe5 Kg8 46.
Qg5+ Kh7 47. Qxh5+ Kg7 48. Qg5+ Kh7 49. Qf5+ Kg7 50. Qd7+ Kh6 51. Qd2 Rac8 52.
Qxf4+ Kh7 53. Kf2 R8c2+ 54. Bd2 Rd1 55. Ke2 Rcxd2+ 56. Qxd2 Rxd2+ 57. Kxd2 Kg6
58. f4 Kh5 59. f5 1-0

[Event "European Youth Chess Championship  G14"]
[Site "Prague, Top Hotel Prague"]
[Date "2012.08.17"]
[Round "1.19"]
[White "Gueci, Tea"]
[Black "Kasapchuk, Oleksandra"]
[Result "0-1"]
[WhiteElo "1917"]
[BlackElo "1604"]
[PlyCount "180"]
[EventDate "2012.08.17"]

1. e4 c5 2. Nf3 Nc6 3. d4 cxd4 4. Nxd4 Nf6 5. Nc3 d6 6. Bc4 e6 7. Bb3 Be7 8.
Be3 a6 9. O-O O-O 10. h3 Qc7 11. a4 Bd7 12. Qe2 Rac8 13. f4 Na5 14. Qf2 e5 15.
Nf5 Bxf5 16. exf5 Nxb3 17. cxb3 exf4 18. Bd4 d5 19. Qd2 Bc5 20. Rxf4 Rfe8 21.
Kh1 Bxd4 22. Rxd4 Qg3 23. Rd3 Qe5 24. Rf1 Rcd8 25. Rd4 Nh5 26. Rd1 Ng3+ 27. Kg1
Nxf5 28. Rxd5 Rxd5 29. Qxd5 Qe3+ 30. Kh1 Ng3+ 31. Kh2 Qf4 32. Qd7 Qe5 33. Qd5
Qf5 34. Qd7 Qe5 35. Qd5 Qf4 36. Qd7 Rf8 37. Nd5 Qe5 38. Ne7+ Kh8 39. Rd5 Qf4
40. Rd4 Qe5 41. Qd6 Qxd6 42. Rxd6 Ne4 43. Rd7 Nc5 44. Rc7 Nxb3 45. Rxb7 Nc5 46.
Rb4 g6 47. Rc4 Nd3 48. b4 Rb8 49. Nc6 Rc8 50. b5 axb5 51. axb5 Rc7 52. Kg3 Rb7
53. Rc3 Nb2 54. Rb3 Na4 $11 55. Kf4 f6 56. Rb4 Nc3 57. Rb3 Nxb5 58. Nd4 Nd6 59.
Rxb7 $11 Nxb7 60. g4 g5+ 61. Kf5 Kg7 62. Ne6+ Kf7 63. Nxg5+ fxg5 64. Kxg5 Kg7
65. h4 $11 Nd6 66. Kh5 Ne4 67. g5 Nf2 68. g6 hxg6+ 69. Kg5 Ne4+ 70. Kf4 Nf6 71.
Kg3 Nh5+ 72. Kf3 Kf7 73. Ke3 Kf6 74. Kf2 Kf5 75. Kf3 Kf6 76. Kg4 Ng7 77. Kf4
Ne6+ 78. Kg4 Kg7 79. h5 g5 80. Kf5 Kh6 81. Kg4 Nd4 82. Kg3 Kxh5 83. Kh3 g4+ 84.
Kg3 Kg5 85. Kg2 Kh4 86. Kh2 g3+ 87. Kg2 Kg4 88. Kf1 Kh3 89. Kg1 Nf3+ 90. Kf1
g2+ 0-1

[Event "European Youth Chess Championship  G14"]
[Site "Prague, Top Hotel Prague"]
[Date "2012.08.17"]
[Round "1.20"]
[White "Glapa, Anna"]
[Black "Malassagne, Isabelle"]
[Result "0-1"]
[WhiteElo "1594"]
[BlackElo "1897"]
[PlyCount "122"]
[EventDate "2012.08.17"]

1. e4 e6 2. d4 d5 3. Nc3 Nf6 4. e5 Nfd7 5. Nf3 c5 6. dxc5 Nc6 7. Bf4 Bxc5 8.
Bd3 f6 9. exf6 Nxf6 10. O-O O-O 11. Bg3 a6 12. Qd2 Bd6 13. Bxd6 Qxd6 14. Rfe1
Ng4 15. h3 Rxf3 16. gxf3 Qh2+ 17. Kf1 Qxh3+ 18. Ke2 Nd4+ 19. Kd1 Nxf3 20. Qe2
Nxe1 21. Qxe1 Qf3+ 22. Kc1 Qxf2 23. Qh1 Qf4+ 24. Kb1 Qh6 25. Qe1 Bd7 26. b3 Qf6
27. Kb2 Nf2 28. Qd2 Nxd3+ 29. Qxd3 Rc8 30. Rf1 Rxc3 31. Qxc3 Qxf1 32. Qc7 Qf6+
33. Kb1 Qf1+ 34. Kb2 Qf7 35. Qd8+ Be8 36. Qb8 h5 37. Qg3 h4 38. Qh3 Qf5 39. Qh2
Qf6+ 40. Kb1 e5 41. Qg2 Bc6 42. Qh2 d4 43. Qh3 e4 44. Qc8+ Kh7 45. Qg4 e3 46.
Qh5+ Kg8 47. Qg4 Bf3 48. Qc8+ Kh7 49. Qc4 e2 50. Qb4 Bg2 51. Kb2 d3+ 52. Ka3
dxc2 53. Qe1 Qf4 54. b4 c1=Q+ 55. Qxc1 Qxc1+ 56. Ka4 e1=Q 57. a3 Qe5 58. Kb3
Bd5+ 59. Ka4 Bc6+ 60. Kb3 Qec3+ 61. Ka2 Q3b2# 0-1

[Event "European Youth Chess Championship  G14"]
[Site "Prague, Top Hotel Prague"]
[Date "2012.08.17"]
[Round "1.21"]
[White "Janska, Jitka"]
[Black "Parhomenko, Margarita"]
[Result "1-0"]
[WhiteElo "1892"]
[BlackElo "1591"]
[PlyCount "57"]
[EventDate "2012.08.17"]

1. e4 c6 2. d4 d5 3. exd5 cxd5 4. c4 Nf6 5. Nc3 Nc6 6. Be3 g6 7. h3 Bg7 8. Nf3
O-O 9. Be2 Bf5 10. O-O Rc8 11. g4 Be6 12. Ng5 Qd7 13. Nxe6 fxe6 14. g5 Ne8 15.
Bg4 Nc7 16. Re1 Rf7 17. Rc1 a6 18. Na4 Rb8 19. Nb6 Qd8 20. f3 Kh8 21. Bf2 e5
22. Nd7 Ra8 23. cxd5 Nxd5 24. Nxe5 Ndb4 25. Nxf7+ Kg8 26. Nxd8 Rxd8 27. Qb3+
Kh8 28. a3 Nd5 29. Qxb7 1-0

[Event "European Youth Chess Championship  G14"]
[Site "Prague, Top Hotel Prague"]
[Date "2012.08.17"]
[Round "1.22"]
[White "Liscinska, Jana"]
[Black "Sagadijeva, Anna"]
[Result "1-0"]
[WhiteElo "1589"]
[BlackElo "1890"]
[PlyCount "85"]
[EventDate "2012.08.17"]

1. e4 d5 2. exd5 Qxd5 3. Nc3 Qd6 4. Nf3 c6 5. Bc4 e6 6. d4 Nf6 7. O-O Be7 8.
Re1 O-O 9. Bd3 Nbd7 10. Bg5 h6 11. Bh4 c5 12. a3 cxd4 13. Nxd4 a6 14. Bg3 Qb6
15. Qd2 Bd6 16. Bxd6 Qxd6 17. Nxe6 Kh8 18. Nxf8 Qxf8 19. Bf5 Nc5 20. Bxc8 Rxc8
21. Rad1 Ne6 22. Qd6 Qe8 23. Qb6 Qc6 24. Qxc6 Rxc6 25. Rd2 Kh7 26. Ne4 Nxe4 27.
Rxe4 f5 28. Re5 f4 29. c3 Nc5 30. Re7 b5 31. f3 Rf6 32. b4 Na4 33. Rdd7 Rg6 34.
Rc7 Nb2 35. Rf7 Nc4 36. Kf2 Nb2 37. Rcd7 Nc4 38. Rxf4 Nxa3 39. Rg4 Rxg4 40.
fxg4 Nb1 41. Rc7 Nd2 42. Ke2 Nc4 43. Ra7 1-0

[Event "European Youth Chess Championship  G14"]
[Site "Prague, Top Hotel Prague"]
[Date "2012.08.17"]
[Round "1.23"]
[White "Dadello, Aleksandra"]
[Black "Meszarosova, Eva"]
[Result "1-0"]
[WhiteElo "1888"]
[BlackElo "1580"]
[PlyCount "65"]
[EventDate "2012.08.17"]

1. e4 c5 2. Nf3 d6 3. d4 cxd4 4. Nxd4 Nf6 5. Nc3 a6 6. f3 e6 7. Be3 Be7 8. Qd2
Nc6 9. O-O-O Qc7 10. g4 O-O 11. g5 Nd7 12. h4 Nb6 13. h5 Ne5 14. g6 Nbc4 15.
Bxc4 Nxc4 16. Qe2 Nxe3 17. Qxe3 Bf6 18. f4 b5 19. f5 b4 20. gxf7+ Qxf7 21. fxe6
Bxe6 22. Nxe6 Qxe6 23. Nd5 Qe5 24. Nxf6+ Rxf6 25. Rd5 Qe6 26. Rhd1 Raf8 27. Qb3
Kh8 28. Qxb4 Rd8 29. Qb6 Qe7 30. e5 Rf4 31. Rxd6 Rxd6 32. exd6 Qd7 33. Qb8+ 1-0

[Event "European Youth Chess Championship  G14"]
[Site "Prague, Top Hotel Prague"]
[Date "2012.08.17"]
[Round "1.24"]
[White "Babic, Tijana"]
[Black "Vidic, Teja"]
[Result "0-1"]
[WhiteElo "1566"]
[BlackElo "1888"]
[PlyCount "58"]
[EventDate "2012.08.17"]

1. e4 e5 2. Nf3 Nc6 3. d4 exd4 4. Nxd4 Bc5 5. Be3 Qf6 6. c3 Nge7 7. Bc4 b6 8.
O-O Bb7 9. Nb5 O-O-O 10. Bxc5 bxc5 11. Nd2 Ne5 12. Qb3 a6 13. Na3 d5 14. exd5
Nxd5 15. Ne4 Qc6 16. f3 f5 17. Ng3 f4 18. Ne4 Ne3 19. Rf2 Rhe8 20. Ng5 Qg6 21.
Be6+ Kb8 22. h4 h6 23. Bf7 Nxf7 24. Qxf7 Qxf7 25. Nxf7 Rd7 26. Nxh6 gxh6 27.
Nc2 Rd1+ 28. Rxd1 Nxd1 29. Rd2 Nxb2 0-1